[Event "Superbet POL Blitz 2025"]
[Site "Warsaw POL"]
[Date "2025.04.29"]
[Round "5.1"]
[White "Firouzja, Alireza"]
[Black "Deac, Bogdan-Daniel"]
[Result "1/2-1/2"]
[WhiteTitle "GM"]
[BlackTitle "GM"]
[WhiteElo "2757"]
[BlackElo "2668"]
[WhiteFideId "12573981"]
[BlackFideId "1226380"]
[EventDate "2025.04.29"]

1. e4 e5 2. Bc4 Nf6 3. d3 Nc6 4. Nf3 Bc5 5. Bg5 h6 6. Bh4 d6 7. c3 a6 8. Nbd2
Qe7 9. b4 Ba7 10. a4 g5 11. Bg3 Nh5 12. b5 Nd8 13. Nf1 Nf4 14. Bxf4 gxf4 15.
N1d2 Rg8 16. Kf1 Ne6 17. bxa6 bxa6 18. Rb1 c6 19. a5 Qc7 20. Qa4 Bd7 21. Qa2 Rb8
22. Rxb8+ Qxb8 23. g3 Ke7 24. Ke2 Qc7 25. Rb1 Rb8 26. Rxb8 Qxb8 27. Bxa6 Bxf2
28. Kxf2 Qa7+ 29. d4 exd4 30. cxd4 Qxa6 31. Qa3 fxg3+ 32. hxg3 c5 33. e5 dxe5
34. d5 Nc7 35. Ne4 Nxd5 36. Qxc5+ Ke6 37. Qf8 Qa7+ 38. Nc5+ Kf6 39. Qd6+ Be6 40.
Qxe5+ Ke7 41. Qd4 Qxa5 42. Nd3 Qb6 43. Nc5 Qb4 44. Qxb4 Nxb4 45. Nd4 Nd5 46. Ne4
Nc7 47. Nc6+ Kf8 48. Nf6 Kg7 49. Nh5+ Kg6 50. Nf4+ Kg5 51. Nd4 Bg4 52. Nc6 Ne6
53. Nd3 f6 54. Ncb4 h5 55. Nd5 Bf5 56. Ne1 Be4 57. Nc3 Bc6 58. Nd3 Nd4 59. Nb4
Bb7 60. Nd3 Nc6 61. Ne4+ Kh6 62. Nxf6 Nd4 63. Nf4 Nf5 64. N6xh5 Kg5 65. Ke1 Bf3
66. Kf2 Bxh5 67. Nxh5 Nxg3 1/2-1/2

[Event "Superbet POL Blitz 2025"]
[Site "Warsaw POL"]
[Date "2025.04.29"]
[Round "5.2"]
[White "Fedoseev, Vladimir3"]
[Black "Praggnanandhaa, R"]
[Result "1/2-1/2"]
[WhiteTitle "GM"]
[BlackTitle "GM"]
[WhiteElo "2739"]
[BlackElo "2758"]
[WhiteFideId "24130737"]
[BlackFideId "25059530"]
[EventDate "2025.04.29"]

1. d4 Nf6 2. c4 e6 3. Nf3 Bb4+ 4. Nbd2 O-O 5. g3 d6 6. Bg2 Qe7 7. O-O Bxd2 8.
Bxd2 e5 9. Bg5 h6 10. Bxf6 Qxf6 11. dxe5 dxe5 12. Nd2 Qe7 13. Ne4 Na6 14. Qd5
Rd8 15. Qa5 c6 16. Rad1 Bg4 17. Nc3 Qc7 18. Qxc7 Nxc7 19. b3 Kf8 20. h3 Bf5 21.
g4 Bc2 22. Rxd8+ Rxd8 23. Rc1 Rd2 24. Kf1 Bg6 25. Ke1 Rb2 26. Ra1 Ne6 27. e3 Nc5
28. Bf1 a5 29. Na4 Nxa4 30. bxa4 Ke7 31. Be2 Bb1 32. a3 Bc2 33. Bd1 Bd3 34. Rc1
e4 35. c5 Kf6 36. h4 Ke5 37. Rc3 Kd5 38. Bb3+ Ke5 39. f4+ Kf6 40. g5+ Ke7 41.
Bd1 Rh2 42. gxh6 gxh6 43. h5 Kd7 44. Bg4+ Kc7 45. Bd1 Rg2 46. Rb3 Rg1+ 47. Kd2
Rh1 48. Rb2 Rh3 49. Rb6 Rh2+ 50. Kc3 Rh1 51. Bb3 Rxh5 52. Kd4 f6 53. Be6 Rh1 54.
Rb2 Rd1 55. Rh2 Bb1+ 56. Kc3 Re1 57. Kd2 Rg1 58. Rxh6 Rg2+ 59. Kc3 Rc2+ 60. Kd4
Rd2+ 61. Kc3 Re2 62. Rh8 b5 63. cxb6+ Kb7 64. Kd4 Rd2+ 65. Kc5 Rc2+ 66. Kd6 Rc3
67. Rc8 Rxe3 68. Rxc6 Rd3+ 69. Bd5 Ba2 70. Rc7+ Kxb6 71. Rc6+ Kb7 72. Rc4+ Kb8
73. Rxe4 Bxd5 74. Re8+ Kb7 75. Kc5 f5 76. Re7+ Ka6 77. Re5 Be4 78. Re6+ Kb7 79.
Re7+ Kc8 80. Kb6 Rd5 81. Ra7 Bc2 82. Rc7+ Kd8 83. Rxc2 Kd7 84. Rc5 Rd4 85. Rxf5
Rxa4 86. Rd5+ Ke6 87. Rxa5 Rxf4 88. a4 Kd7 89. Ra7+ Kd6 90. a5 Rb4+ 91. Ka6 Kc6
92. Rh7 Rb1 93. Ka7 Rb2 94. a6 Rb1 95. Rb7 Ra1 96. Rb2 Kc7 97. Rc2+ Kd7 98. Rc5
Rb1 99. Rc3 Rb2 100. Rc4 Rb1 101. Rh4 Kc7 102. Rh7+ Kc8 103. Rb7 Ra1 104. Rb5
Kc7 105. Rc5+ Kd6 106. Rb5 Kc7 107. Rb4 Rc1 108. Rb7+ Kc8 109. Rb8+ Kc7 110. Rb3
Rc2 111. Ka8 Ra2 112. Rb7+ Kc8 113. Rb6 Kc7 114. Rg6 Rb2 115. Ka7 Rb1 116. Rg7+
Kc8 117. Rg3 Kc7 118. Rc3+ Kd7 119. Rc4 Rb2 120. Rh4 Kc7 121. Rh7+ Kc8 122. Rb7
Rc2 123. Rb6 Kc7 124. Rb4 Rc1 125. Rb2 Rc3 126. Ka8 Rc1 127. Rb7+ Kc8 128. a7
Rc2 129. Rb8+ Kc7 130. Rb7+ Kc8 131. Rb8+ Kc7 132. Rb7+ Kc8 1/2-1/2

[Event "Superbet POL Blitz 2025"]
[Site "Warsaw POL"]
[Date "2025.04.29"]
[Round "5.3"]
[White "Vachier-Lagrave, Maxime"]
[Black "Gavrilescu, David"]
[Result "1-0"]
[WhiteTitle "GM"]
[BlackTitle "GM"]
[WhiteElo "2722"]
[BlackElo "2554"]
[WhiteFideId "623539"]
[BlackFideId "1227190"]
[EventDate "2025.04.29"]

1. e4 c5 2. Nf3 d6 3. Bb5+ Bd7 4. c4 Nc6 5. Nc3 g6 6. d4 cxd4 7. Nxd4 Bg7 8. Be3
Nf6 9. h3 O-O 10. O-O Rc8 11. Rc1 Nxd4 12. Bxd4 a6 13. Bxd7 Qxd7 14. Qd3 b5 15.
cxb5 axb5 16. Nxb5 Nxe4 17. Bxg7 Kxg7 18. b4 d5 19. a4 e5 20. a5 Rb8 21. Nc7
Rxb4 22. a6 Ra4 23. Rfd1 Rc8 24. Qb3 d4 25. Ne6+ fxe6 26. Rxc8 Rxa6 27. Qb8 Rc6
28. Qxe5+ Nf6 29. Rxc6 Qxc6 30. Qxd4 Kf7 31. Qa7+ Ke8 32. Qg7 e5 33. Ra1 e4 34.
Ra8+ 1-0

[Event "Superbet POL Blitz 2025"]
[Site "Warsaw POL"]
[Date "2025.04.29"]
[Round "5.4"]
[White "Duda, Jan-Krzysztof"]
[Black "Topalov, Veselin"]
[Result "0-1"]
[WhiteTitle "GM"]
[BlackTitle "GM"]
[WhiteElo "2739"]
[BlackElo "2717"]
[WhiteFideId "1170546"]
[BlackFideId "2900084"]
[EventDate "2025.04.29"]

1. d4 Nf6 2. Nf3 c5 3. d5 b5 4. Bg5 g6 5. Bxf6 exf6 6. e3 b4 7. Nbd2 Bg7 8. Nc4
d6 9. Be2 O-O 10. O-O f5 11. a3 Nd7 12. axb4 cxb4 13. Nd4 Nb6 14. Na5 Qc7 15.
Qd2 Bd7 16. Qxb4 Nxd5 17. Qd2 Nb6 18. Ra3 d5 19. Rfa1 h5 20. Rc3 Qd6 21. Rb3
Rfc8 22. c3 Qe7 23. Rba3 h4 24. h3 Bf6 25. b4 Be5 26. Nab3 Bd6 27. Rxa7 Rxa7 28.
Rxa7 Qe5 29. f4 Qe8 30. Rb7 Na4 31. Bb5 Bxb5 32. Nxb5 Bf8 33. N3d4 Qe4 34. Kh2
Re8 35. Rd7 Qxe3 36. Qxe3 Rxe3 37. Rxd5 Nxc3 38. Nxc3 Rxc3 39. b5 Bh6 40. Ne2
Rc2 41. Re5 Rb2 42. Kg1 Bg7 43. Re8+ Kh7 44. Re7 Kg8 45. Re8+ Kh7 46. Re7 Bf8
47. Re5 Bd6 48. Rd5 Bc7 49. Kf1 Kg7 50. Ke1 Ba5+ 51. Kd1 Bb6 52. Ke1 Be3 53. Kd1
Kg8 54. Rd3 Bf2 55. Nc3 Bb6 56. Rd2 Rb4 57. Kc2 Ba5 58. Kd3 Rxf4 59. Ra2 Bb6 60.
Ra6 Bg1 61. b6 Rb4 62. Nd5 Rd4+ 63. Kc3 Rxd5 64. b7 Bh2 65. Ra8+ Kg7 66. b8=Q
Bxb8 67. Rxb8 g5 68. Rb6 f4 0-1

[Event "Superbet POL Blitz 2025"]
[Site "Warsaw POL"]
[Date "2025.04.29"]
[Round "5.5"]
[White "Aronian, Levon"]
[Black "Aravindh, Chithambaram VR."]
[Result "1/2-1/2"]
[WhiteTitle "GM"]
[BlackTitle "GM"]
[WhiteElo "2747"]
[BlackElo "2749"]
[WhiteFideId "13300474"]
[BlackFideId "5072786"]
[EventDate "2025.04.29"]

1. e4 e5 2. Nf3 Nc6 3. Bc4 Nf6 4. d3 d5 5. exd5 Nxd5 6. a4 Bg4 7. h3 Bh5 8. Nc3
Bb4 9. Bd2 Bxc3 10. bxc3 O-O 11. g4 Bg6 12. Ng5 Nf4 13. h4 Qf6 14. Qf3 h5 15.
gxh5 Bxh5 16. Qg3 Rae8 17. Ne4 Qh6 18. Qg5 Qg6 19. Rg1 Kh8 20. Qxg6 Bxg6 21. f3
Bh5 22. Rg3 f6 23. Rb1 b6 24. Bb5 Re6 25. Bxc6 Rxc6 26. c4 Ne6 27. Bc3 a5 28.
Kf2 Nc5 29. Ra1 Nd7 30. Bd2 Nc5 31. Nxc5 Rxc5 32. Rag1 Rf7 33. Be3 Rc6 34. f4
exf4 35. Bxf4 Re6 36. Re3 Rxe3 37. Kxe3 Re7+ 38. Kd2 Be8 39. Re1 Rxe1 40. Kxe1
Bxa4 41. Bxc7 b5 42. cxb5 Bxb5 43. Bxa5 Kg8 44. Bd2 Kf7 45. c4 Ba6 46. Ke2 Ke6
47. Ke3 Kf5 48. Kd4 Kg4 49. Be1 g5 50. hxg5 fxg5 51. Kc5 Kf3 52. d4 Ke2 53. Bg3
Kd3 54. d5 Bxc4 55. d6 Be6 56. Kc6 Ke4 57. d7 Bxd7+ 58. Kxd7 Kf3 59. Be5 g4 60.
Kd6 g3 61. Bxg3 Kxg3 1/2-1/2

[Event "Superbet POL Blitz 2025"]
[Site "Warsaw POL"]
[Date "2025.04.29"]
[Round "6.1"]
[White "Gavrilescu, David"]
[Black "Fedoseev, Vladimir3"]
[Result "0-1"]
[WhiteTitle "GM"]
[BlackTitle "GM"]
[WhiteElo "2554"]
[BlackElo "2739"]
[WhiteFideId "1227190"]
[BlackFideId "24130737"]
[EventDate "2025.04.29"]

1. e4 c6 2. Nf3 d5 3. Nc3 a6 4. d4 Bg4 5. h3 Bh5 6. g4 Bg6 7. Ne5 Bxe4 8. Nxe4
dxe4 9. c3 e6 10. Bg2 Bd6 11. Nc4 f5 12. Qb3 b5 13. Ne5 Qe7 14. Bg5 Nf6 15. a4
b4 16. O-O Nbd7 17. Nxc6 Qf7 18. gxf5 exf5 19. Qxf7+ Kxf7 20. cxb4 Nd5 21. Bd2
Nb8 22. Rfc1 Nxc6 23. Rxc6 Bxb4 24. Bxb4 Nxb4 25. Rc7+ Kf6 26. Rac1 Rhd8 27.
R1c4 Rab8 28. f3 e3 29. f4 e2 30. Kf2 Re8 31. R4c6+ Nxc6 32. Rxc6+ Re6 33. d5
Rxc6 34. dxc6 Rxb2 35. Bd5 Rc2 36. h4 a5 37. h5 g5 38. hxg6 hxg6 39. Bf3 Ke7 0-1

[Event "Superbet POL Blitz 2025"]
[Site "Warsaw POL"]
[Date "2025.04.29"]
[Round "6.2"]
[White "Aronian, Levon"]
[Black "Firouzja, Alireza"]
[Result "1-0"]
[WhiteTitle "GM"]
[BlackTitle "GM"]
[WhiteElo "2747"]
[BlackElo "2757"]
[WhiteFideId "13300474"]
[BlackFideId "12573981"]
[EventDate "2025.04.29"]

1. c4 e6 2. Nc3 d5 3. d4 Nf6 4. cxd5 exd5 5. Bg5 c6 6. e3 h6 7. Bh4 Be7 8. Bd3
O-O 9. Nge2 Ne8 10. Bg3 Nd6 11. O-O Re8 12. Qc2 a5 13. Rae1 Na6 14. a3 Bh4 15.
Bxh4 Qxh4 16. Ng3 Nc7 17. Na4 Be6 18. f4 Bd7 19. Nb6 Rad8 20. Qc5 Qf6 21. f5 Bc8
22. Qxa5 Qg5 23. Qd2 h5 24. Qf2 h4 25. Nh1 Ne4 26. Qf4 Qxf4 27. Rxf4 h3 28. gxh3
Nd6 29. Ng3 f6 30. h4 Re7 31. Kf2 Bd7 32. Nxd7 Rexd7 33. h5 Kh7 34. h6 gxh6 35.
Nh5 Rf8 36. Rg1 Nce8 37. Rg6 Re7 38. Rh4 Nf7 39. Nxf6+ Nxf6 40. Rxf6 Rc7 41. Rg6
Kh8 42. f6 c5 43. Rg7 1-0

[Event "Superbet POL Blitz 2025"]
[Site "Warsaw POL"]
[Date "2025.04.29"]
[Round "6.3"]
[White "Deac, Bogdan-Daniel"]
[Black "Vachier-Lagrave, Maxime"]
[Result "0-1"]
[WhiteTitle "GM"]
[BlackTitle "GM"]
[WhiteElo "2668"]
[BlackElo "2722"]
[WhiteFideId "1226380"]
[BlackFideId "623539"]
[EventDate "2025.04.29"]

1. Nf3 d5 2. d4 Nf6 3. c4 c5 4. cxd5 cxd4 5. Qxd4 Qxd5 6. Nc3 Qxd4 7. Nxd4 a6 8.
g3 e5 9. Nb3 Nc6 10. Bg2 a5 11. Na4 Bb4+ 12. Bd2 Ke7 13. Rc1 Rd8 14. Bc3 Be6 15.
O-O Bd5 16. Rfd1 Bxg2 17. Kxg2 Rxd1 18. Rxd1 b5 19. Nb6 Rb8 20. Nd5+ Nxd5 21.
Rxd5 Bxc3 22. bxc3 a4 23. Nc5 Rd8 24. Rxd8 Nxd8 25. c4 Kd6 26. Ne4+ Kc6 27. Nc3
bxc4 28. a3 Nb7 29. Kf3 Nc5 30. e4 Nb3 31. Ke3 Nd4 32. Nxa4 Nc2+ 33. Kd2 Nxa3
34. Kc3 Kb5 35. Nb2 h5 36. h3 g5 37. g4 h4 38. f3 f6 39. Nd1 Kc5 40. Ne3 Nb5+
41. Kd2 Nd4 42. Nd5 Nxf3+ 43. Kc3 Ng1 44. Nxf6 Nxh3 45. Nd7+ Kd6 46. Nb6 Nf2 47.
Nxc4+ Ke6 0-1

[Event "Superbet POL Blitz 2025"]
[Site "Warsaw POL"]
[Date "2025.04.29"]
[Round "6.4"]
[White "Aravindh, Chithambaram VR."]
[Black "Topalov, Veselin"]
[Result "0-1"]
[WhiteTitle "GM"]
[BlackTitle "GM"]
[WhiteElo "2749"]
[BlackElo "2717"]
[WhiteFideId "5072786"]
[BlackFideId "2900084"]
[EventDate "2025.04.29"]

1. e4 c5 2. c3 Nf6 3. e5 Nd5 4. Bc4 Nb6 5. Bb3 d5 6. exd6 e6 7. Nf3 Bxd6 8. d4
O-O 9. O-O Nc6 10. Re1 cxd4 11. cxd4 Bd7 12. Nc3 Rc8 13. a3 Ne7 14. Bg5 Bc6 15.
Ne5 Bxe5 16. Rxe5 Qd7 17. Qd3 Ng6 18. Ree1 Nd5 19. Qg3 Nxc3 20. bxc3 Bd5 21. Bc2
Qc7 22. Re3 Qxg3 23. Rxg3 Rc7 24. h4 Rfc8 25. h5 Nf8 26. Rc1 Rxc3 27. Rxc3 Rxc3
28. h6 Rc4 29. Bd3 Rxc1+ 30. Bxc1 Nd7 31. hxg7 Kxg7 32. f3 Nb8 33. Kf2 Nc6 34.
Ke3 a6 35. g4 f6 36. Bd2 b5 37. Be1 h6 38. Bd2 Bc4 39. Be4 Bd5 40. Bd3 Ne7 41.
Bb4 Kf7 42. Bd2 Bc4 43. Be4 f5 44. Bc2 Nd5+ 45. Kf2 Kg6 46. Kg3 h5 47. gxf5+
exf5 48. Kh4 Be2 49. Kg3 Kf6 50. Bb3 Bc4 51. Bc2 Ne7 52. Kh4 Kg6 53. Bg5 Nd5 54.
Bd2 Ne7 55. Bg5 Nc6 56. Be3 a5 57. Kg3 Ne7 58. Bd2 a4 59. Bb4 Nd5 60. Bd2 b4 61.
axb4 a3 62. Bc1 a2 63. Bb2 Nxb4 64. Ba4 f4+ 65. Kh4 Bd5 66. Be8+ Kf6 67. Bxh5
Nc2 68. Kg4 Ne1 69. Bc3 Bxf3+ 70. Kxf4 Bxh5 71. Ke3 a1=Q 72. Bxa1 Nc2+ 73. Kd2
Nxa1 74. Kc3 Bf7 75. Kb2 Nb3 76. d5 Bxd5 77. Kc3 Ke5 78. Kd3 Nc5+ 79. Ke3 Be4
80. Kd2 Kd4 81. Ke2 Nb3 82. Kf2 Nc1 83. Kg3 Nd3 84. Kg4 Ke5 85. Kg5 Bf5 86. Kh4
Kf6 87. Kg3 Be4 88. Kh4 Kg6 89. Kg4 Bd5 90. Kh4 Bf3 91. Kg3 Bd1 92. Kh4 Be2 93.
Kg3 Kg5 94. Kh3 Kf4 95. Kh4 Ne5 96. Kh3 Bg4+ 97. Kg2 Nd3 98. Kg1 Kg3 99. Kf1 Bh5
100. Kg1 Be2 0-1

[Event "Superbet POL Blitz 2025"]
[Site "Warsaw POL"]
[Date "2025.04.29"]
[Round "6.5"]
[White "Praggnanandhaa, R"]
[Black "Duda, Jan-Krzysztof"]
[Result "0-1"]
[WhiteTitle "GM"]
[BlackTitle "GM"]
[WhiteElo "2758"]
[BlackElo "2739"]
[WhiteFideId "25059530"]
[BlackFideId "1170546"]
[EventDate "2025.04.29"]

1. d4 Nf6 2. Bf4 c5 3. d5 b5 4. e4 Nxe4 5. Qf3 Qa5+ 6. Nd2 Nf6 7. a4 Bb7 8. Qg3
Nh5 9. Qf3 Nxf4 10. Qxf4 Bxd5 11. Nf3 Qb4 12. Qxb4 cxb4 13. axb5 e6 14. Bc4 Bb7
15. O-O Be7 16. Be2 O-O 17. Ra4 Rc8 18. Bd3 Bc5 19. Rfa1 Bxf3 20. Nxf3 d5 21.
Nd2 Nd7 22. Nb3 Bb6 23. Rxb4 Ne5 24. Nd4 Nxd3 25. cxd3 a5 26. Rba4 Bxd4 27. Rxd4
Rab8 28. g3 Rxb5 29. Ra2 g6 30. Rda4 Rc1+ 31. Kg2 Rd1 32. R4a3 Rd2 33. Kf3 d4
34. Rxa5 Rxd3+ 35. Ke2 Rxa5 36. Rxa5 Rb3 37. Ra2 e5 38. Kd1 Kg7 39. Kc1 g5 40.
Ra3 Rb5 41. Kc2 g4 42. Ra4 Kg6 43. b4 Kf5 44. Kb3 Ke4 45. Ra7 f5 46. Rxh7 Kf3
47. Kc4 Rb8 48. Re7 e4 49. Re5 Kxf2 50. Kxd4 Rxb4+ 51. Kc3 Ra4 52. Rxf5+ Ke3 53.
Rf4 Ra2 54. Rxg4 Rxh2 55. Rg8 Rg2 56. g4 Ke2 57. g5 e3 58. g6 Ke1 59. g7 e2 60.
Kc2 Rg6 61. Kd3 Kd1 62. Rh8 Rg3+ 0-1

[Event "Superbet POL Blitz 2025"]
[Site "Warsaw POL"]
[Date "2025.04.29"]
[Round "7.1"]
[White "Fedoseev, Vladimir3"]
[Black "Deac, Bogdan-Daniel"]
[Result "1-0"]
[WhiteTitle "GM"]
[BlackTitle "GM"]
[WhiteElo "2739"]
[BlackElo "2668"]
[WhiteFideId "24130737"]
[BlackFideId "1226380"]
[EventDate "2025.04.29"]

1. d4 Nf6 2. c4 e6 3. Nf3 d5 4. g3 Be7 5. Bg2 O-O 6. Nbd2 b6 7. O-O Bb7 8. cxd5
Nxd5 9. Ne5 Nd7 10. Ndc4 c5 11. Nxd7 Qxd7 12. dxc5 Bxc5 13. e4 Nf6 14. Qxd7 Nxd7
15. Bf4 Ba6 16. Rfd1 Bxc4 17. Rxd7 Bb5 18. Rc7 Rfc8 19. Rd1 Rxc7 20. Bxc7 Rc8
21. Be5 f6 22. Bc3 Kf7 23. Bf1 Bxf1 24. Kxf1 Ke7 25. e5 f5 26. Bd2 Ke8 27. Rc1
Rd8 28. Ke2 Rd5 29. f4 Kd7 30. b4 Be7 31. Bc3 Kd8 32. a4 a6 33. h4 h5 34. Bd2
Kd7 35. Bc3 Bf8 36. Ke3 Be7 37. Bd4 Bxb4 38. Rb1 a5 39. Bxb6 Bd2+ 40. Ke2 Bb4
41. Rc1 Rd2+ 42. Ke3 Ra2 43. Rc7+ Ke8 44. Rxg7 Rxa4 45. Kd3 Ra3+ 46. Kc4 Ra1 47.
Rh7 Ra3 48. Rg7 Ra1 49. Rh7 Ra3 50. Rxh5 Rxg3 51. Rh8+ Kf7 52. Rh7+ Rg7 53. Rh6
Rg4 54. Be3 Bf8 55. Rf6+ Kg8 56. Rxe6 Rxh4 57. Rg6+ Kh7 58. Rf6 Bg7 59. Rxf5 Kg6
60. Rg5+ Kf7 61. e6+ Kf6 62. e7 Rh8 63. Bd4+ Kxe7 64. Rxg7+ 1-0

[Event "Superbet POL Blitz 2025"]
[Site "Warsaw POL"]
[Date "2025.04.29"]
[Round "7.2"]
[White "Duda, Jan-Krzysztof"]
[Black "Gavrilescu, David"]
[Result "1-0"]
[WhiteTitle "GM"]
[BlackTitle "GM"]
[WhiteElo "2739"]
[BlackElo "2554"]
[WhiteFideId "1170546"]
[BlackFideId "1227190"]
[EventDate "2025.04.29"]

1. e4 c5 2. Nc3 d6 3. f3 Nc6 4. Bb5 Bd7 5. Nge2 g6 6. Bxc6 bxc6 7. b3 Bg7 8. Bb2
e5 9. O-O Ne7 10. Na4 O-O 11. f4 f6 12. d3 Nc8 13. Bc3 Nb6 14. Nb2 d5 15. a4 Be6
16. f5 Bf7 17. g4 c4 18. dxc4 dxc4 19. a5 Nd7 20. Nxc4 Bxc4 21. bxc4 Qe7 22. Qd3
Rfd8 23. Qe3 Qc5 24. Qxc5 Nxc5 25. Ng3 Rab8 26. h4 Bh6 27. fxg6 hxg6 28. Rxf6
Bf4 29. Rxg6+ Kf7 30. Rxc6 Rdc8 31. Rxc8 Rxc8 32. Rf1 Ke6 33. Nh5 Nxe4 34. Nxf4+
exf4 35. Bd4 Rxc4 36. Bxa7 Nd2 37. Rf2 Rxc2 38. Rxf4 Ke5 39. Bb8+ Kd5 40. a6 Ra2
41. a7 Nc4 42. h5 Ne3 43. h6 1-0

[Event "Superbet POL Blitz 2025"]
[Site "Warsaw POL"]
[Date "2025.04.29"]
[Round "7.3"]
[White "Firouzja, Alireza"]
[Black "Aravindh, Chithambaram VR."]
[Result "1-0"]
[WhiteTitle "GM"]
[BlackTitle "GM"]
[WhiteElo "2757"]
[BlackElo "2749"]
[WhiteFideId "12573981"]
[BlackFideId "5072786"]
[EventDate "2025.04.29"]

1. e4 e5 2. Nf3 Nc6 3. Bc4 Nf6 4. d3 d5 5. exd5 Nxd5 6. O-O Bg4 7. Re1 Bb4 8. c3
Be7 9. h3 Bh5 10. Nbd2 O-O 11. a4 Kh8 12. a5 a6 13. Ne4 b5 14. axb6 Nxb6 15. Bb3
f6 16. Ng3 Bg6 17. Nh4 Bxd3 18. Qf3 e4 19. Nxe4 Ne5 20. Qg3 f5 21. Ng5 f4 22.
Bxf4 Rxf4 23. Ne6 Qg8 24. Nxf4 Qxb3 25. Rxe5 Bxh4 26. Qxh4 Qxb2 27. Rae1 Bb5 28.
Ng6+ Kg8 29. Ne7+ 1-0

[Event "Superbet POL Blitz 2025"]
[Site "Warsaw POL"]
[Date "2025.04.29"]
[Round "7.4"]
[White "Vachier-Lagrave, Maxime"]
[Black "Aronian, Levon"]
[Result "1-0"]
[WhiteTitle "GM"]
[BlackTitle "GM"]
[WhiteElo "2722"]
[BlackElo "2747"]
[WhiteFideId "623539"]
[BlackFideId "13300474"]
[EventDate "2025.04.29"]

1. e4 e6 2. c4 d5 3. cxd5 exd5 4. exd5 Nf6 5. Bb5+ Nbd7 6. Nc3 Be7 7. d4 O-O 8.
Nf3 Nb6 9. h3 Nbxd5 10. O-O Be6 11. Re1 c5 12. Bg5 a6 13. Bf1 Rc8 14. Rc1 h6 15.
Bh4 Nxc3 16. bxc3 Re8 17. a4 Bd5 18. dxc5 Rxc5 19. Nd4 Ne4 20. Bxe7 Rxe7 21. c4
Rec7 22. Nb3 Qf6 23. f3 Qb6 24. fxe4 Rxc4+ 25. Kh1 Rxc1 26. Nxc1 Be6 27. Qd8+
Kh7 28. Nd3 Qa5 29. Rc1 Rc5 30. Qxa5 Rxa5 31. Nc5 Ba2 32. Nxb7 Rxa4 33. Nc5 Rd4
34. Bxa6 f6 35. Kg1 Bf7 36. Bd3 Kg8 37. Kf2 Rb4 38. Rb1 1-0

[Event "Superbet POL Blitz 2025"]
[Site "Warsaw POL"]
[Date "2025.04.29"]
[Round "7.5"]
[White "Topalov, Veselin"]
[Black "Praggnanandhaa, R"]
[Result "0-1"]
[WhiteTitle "GM"]
[BlackTitle "GM"]
[WhiteElo "2717"]
[BlackElo "2758"]
[WhiteFideId "2900084"]
[BlackFideId "25059530"]
[EventDate "2025.04.29"]

1. Nf3 Nf6 2. e3 g6 3. b4 Bg7 4. Bb2 O-O 5. Be2 d6 6. O-O e5 7. d3 a5 8. b5 Nfd7
9. d4 exd4 10. Bxd4 Bxd4 11. Nxd4 Nc5 12. c4 Nbd7 13. Nc3 Re8 14. Rc1 Nf6 15.
Bf3 a4 16. Rb1 Be6 17. Rb4 a3 18. h3 Nfd7 19. Qc2 Qh4 20. Nd5 Rac8 21. Nf4 Ne5
22. Be2 Bd7 23. Rd1 c6 24. bxc6 bxc6 25. Qb1 g5 26. g3 Qh6 27. Nh5 g4 28. hxg4
Nxg4 29. Bxg4 Bxg4 30. Nf4 Ne4 31. Rb6 Nc3 32. Qc2 Nxd1 33. Nf5 Qf6 34. Nd4 Nxe3
35. fxe3 Rxe3 36. Qf2 Qxd4 0-1

[Event "Superbet POL Blitz 2025"]
[Site "Warsaw POL"]
[Date "2025.04.29"]
[Round "8.1"]
[White "Firouzja, Alireza"]
[Black "Vachier-Lagrave, Maxime"]
[Result "0-1"]
[WhiteTitle "GM"]
[BlackTitle "GM"]
[WhiteElo "2757"]
[BlackElo "2722"]
[WhiteFideId "12573981"]
[BlackFideId "623539"]
[EventDate "2025.04.29"]

1. e4 c5 2. Nf3 d6 3. d4 cxd4 4. Nxd4 Nf6 5. Nc3 a6 6. f3 e5 7. Nb3 Be6 8. Be3
Nbd7 9. g4 h6 10. Qd2 b5 11. O-O-O Nb6 12. Qf2 Rb8 13. Nc5 b4 14. Nxe6 fxe6 15.
Nb1 d5 16. exd5 Nbxd5 17. Bd3 Bd6 18. Bg6+ Ke7 19. Nd2 Qa5 20. Kb1 Rhc8 21. Nb3
Qc7 22. g5 hxg5 23. Bxg5 a5 24. Rxd5 exd5 25. Re1 a4 26. Nd4 b3 27. cxb3 axb3
28. a3 Bc5 29. Bf4 Bd6 30. Nf5+ Kf8 31. Nxd6 exf4 32. Nxc8 Rxc8 33. Qd4 Kg8 34.
Qb4 Rb8 35. Qe7 Qxe7 36. Rxe7 Kf8 37. Rc7 Rb6 38. Kc1 d4 39. Kd2 Nd5 40. Rc8+
Ke7 41. Be4 Ne3 42. a4 Rb4 43. Bc6 Nc4+ 44. Kc1 Nb6 45. Rc7+ Kd6 0-1

[Event "Superbet POL Blitz 2025"]
[Site "Warsaw POL"]
[Date "2025.04.29"]
[Round "8.2"]
[White "Gavrilescu, David"]
[Black "Topalov, Veselin"]
[Result "1-0"]
[WhiteTitle "GM"]
[BlackTitle "GM"]
[WhiteElo "2554"]
[BlackElo "2717"]
[WhiteFideId "1227190"]
[BlackFideId "2900084"]
[EventDate "2025.04.29"]

1. e4 e5 2. Nf3 Nc6 3. Bc4 Nf6 4. d3 Be7 5. O-O O-O 6. a4 d6 7. a5 a6 8. h3 Be6
9. Nc3 Qd7 10. Bg5 Rae8 11. Nd5 Bxd5 12. exd5 Nb8 13. Bb3 h6 14. Be3 c6 15. dxc6
Nxc6 16. c3 Bd8 17. Ba4 Nd5 18. Bd2 Bf6 19. Re1 Rc8 20. Qb3 Nde7 21. d4 exd4 22.
cxd4 d5 23. Rad1 Qc7 24. Ne5 Nxd4 25. Qb6 Qxb6 26. axb6 Rfd8 1-0

[Event "Superbet POL Blitz 2025"]
[Site "Warsaw POL"]
[Date "2025.04.29"]
[Round "8.3"]
[White "Deac, Bogdan-Daniel"]
[Black "Duda, Jan-Krzysztof"]
[Result "1-0"]
[WhiteTitle "GM"]
[BlackTitle "GM"]
[WhiteElo "2668"]
[BlackElo "2739"]
[WhiteFideId "1226380"]
[BlackFideId "1170546"]
[EventDate "2025.04.29"]

1. Nf3 Nf6 2. c4 b6 3. d4 Bb7 4. Nc3 g6 5. d5 Bg7 6. e4 d6 7. Bd3 O-O 8. O-O
Nbd7 9. Re1 e6 10. Rb1 a5 11. h3 Nh5 12. Bg5 Qc8 13. Qd2 Nc5 14. Bc2 Qd7 15. b3
e5 16. a3 a4 17. b4 Nb3 18. Qd1 Nf4 19. Bxb3 axb3 20. Bxf4 exf4 21. Rxb3 Ba6 22.
Qd3 Rae8 23. a4 h6 24. Nb5 f5 25. exf5 Rxe1+ 26. Nxe1 Rxf5 27. Nf3 Qf7 28. Nbd4
Bxd4 29. Qxd4 g5 30. Rb1 Qg7 31. Qd3 Rf7 32. Re1 Re7 33. Rxe7 Qxe7 34. b5 Bc8
35. Qg6+ Qg7 36. Qe8+ Qf8 37. Qc6 Qd8 38. Qa8 Kf7 39. a5 bxa5 40. Qxa5 Bf5 41.
Nd4 Bd7 42. Qa7 Kg6 43. Nc6 Bxc6 44. dxc6 g4 45. hxg4 Qe7 46. Qd4 Qe1+ 47. Kh2
Qc1 48. b6 1-0

[Event "Superbet POL Blitz 2025"]
[Site "Warsaw POL"]
[Date "2025.04.29"]
[Round "8.4"]
[White "Aravindh, Chithambaram VR."]
[Black "Praggnanandhaa, R"]
[Result "0-1"]
[WhiteTitle "GM"]
[BlackTitle "GM"]
[WhiteElo "2749"]
[BlackElo "2758"]
[WhiteFideId "5072786"]
[BlackFideId "25059530"]
[EventDate "2025.04.29"]

1. Nf3 Nf6 2. b3 g6 3. Bb2 Bg7 4. g3 d6 5. Bg2 e5 6. d3 O-O 7. c4 Nc6 8. O-O h6
9. Nc3 Be6 10. d4 Bg4 11. dxe5 dxe5 12. Nd5 Re8 13. Re1 Be6 14. e4 Bg4 15. h3
Bxf3 16. Qxf3 Nd7 17. Rad1 a5 18. h4 Nd4 19. Bxd4 exd4 20. Nf4 Ne5 21. Qe2 a4
22. b4 a3 23. c5 c6 24. Qc2 h5 25. Nd3 Ng4 26. Bh3 b6 27. Bxg4 hxg4 28. cxb6
Qxb6 29. e5 Qb5 30. Rc1 Bxe5 31. Qxc6 Qxd3 32. Rxe5 Rxe5 33. Qxa8+ Kg7 34. Qc6
Qd2 35. b5 Rxb5 36. Rf1 Re5 37. Qd7 d3 38. Qd4 Qe2 39. Kh2 Kh7 40. Rb1 Qe4 41.
Qd8 Re8 42. Qd7 Kg8 43. Rb7 Rf8 44. Rb3 Qe2 45. Qd4 Qxa2 46. Rxd3 Ra8 47. Rd1
Qb2 48. Qe4 Qxf2+ 49. Kh1 Qf3+ 50. Qxf3 gxf3 0-1